000 00581nam a2200181 a 4500
005 20250116063848.0
008 081109s2002 mx r 000 0 spa d
035 _aUPN01000165959
049 _aUNE
080 _a37 (519.5) =20 "2002" ADA.
245 0 0 _a2002 Adapting education to the information age :
_bA white paper.
260 _aKorea:
_bMinistry of Education & Human Resources Development,
_c2002.
300 _a87 p. ;
_bil.
690 _aEducación
_9682
690 _aEnseñanza programada
_92238
690 _aEnseñanza con ayuda de la computadora
905 _aUNESCO
999 _c138071
_d138071